Tiens bonjour Failleul, OSS 117 - Statistiques

Statistiques générales
  • Ce quiz a été pris 18 fois
    16 depuis la dernière actualisation
  • Le résultat moyen est 24 sur 175
Statistiques - réponses
Hint Réponse % Correct
de la Bath Bonjour
94%
de la Bath Failleul
94%
de la Bath Tiens
88%
Failleul Bonjour
81%
Failleul de la Bath
81%
de la Bath Bonjour
38%
Lutrand Bonjour
38%
Foulard Bonjour
38%
Lutrand de la Bath
38%
Foulard de la Bath
38%
Corbier Bonjour
31%
de la Bath Bonjour
31%
de la Bath Bonjour
25%
Ledentu Bonjour
25%
de la Bath Corbier
25%
Corbier Hubert
25%
de la Bath Lutrand
25%
de la Bath Salut
25%
Ledentu Ah
19%
de la Bath Ah
19%
Ledentu Alors
19%
de la Bath Bien
19%
Ledentu Ce
19%
Ledentu Comme
19%
Ledentu de la Bath
19%
de la Bath Foulard
19%
de la Bath Je
19%
de la Bath Ledentu
19%
Ledentu Lundi
19%
de la Bath Remercie
19%
Ledentu Ski
19%
de la Bath Très
19%
Ledentu Un
19%
de la Bath Vous
19%
Mailleux A
13%
de la Bath Allez
13%
de la Bath Avait
13%
de la Bath Avec
13%
de la Bath Bernard
13%
de la Bath Bien
13%
Mailleux Bonjour
13%
Mailleux Borges
13%
Mailleux Borges
13%
Mailleux Borges
13%
Mailleux Ce
13%
de la Bath Ce
13%
de la Bath C'est
13%
de la Bath C'était
13%
Mailleux Comme
13%
Mailleux Comme
13%
de la Bath Crois
13%
Mailleux D'ailleurs
13%
Mailleux De
13%
de la Bath Dernière
13%
de la Bath Dire
13%
Mailleux Dit
13%
Mailleux Duvernois
13%
Mailleux Effet
13%
Mailleux En
13%
Ledentu Et
13%
de la Bath Et
13%
Mailleux Et
13%
de la Bath Et
13%
Mailleux Favre
13%
de la Bath Fois
13%
de la Bath Francquart
13%
de la Bath hahahahahaha
13%
Jean-Pierre/Montbier Hubert
13%
Mailleux Il
13%
de la Bath Je
13%
de la Bath La
13%
Mailleux Le
13%
de la Bath Même
13%
Jean-Pierre/Montbier Merci
13%
de la Bath Pour
13%
Mailleux Propos
13%
de la Bath Qu'il
13%
de la Bath Qu'on
13%
de la Bath Réussi
13%
de la Bath S'est
13%
Mailleux T'as
13%
de la Bath Te
13%
Mailleux Tiens
13%
de la Bath Très
13%
de la Bath Vieux
13%
de la Bath Vous
13%
de la Bath Vous
13%
de la Bath Vus
13%
de la Bath Y
13%
Mailleux A
6%
de la Bath A
6%
de la Bath Ah
6%
Mailleux Avec
6%
Mailleux Avec
6%
Mailleux Bah
6%
de la Bath Bien
6%
Mailleux Bon
6%
Mailleux Bon
6%
de la Bath Bonjour
6%
de la Bath Bonjour
6%
de la Bath Bonjour
6%
Mailleux Bonjour
6%
Castaing Bonjour
6%
de la Bath Bonjour
6%
de la Bath Borges
6%
de la Bath Castaing
6%
Mailleux Ce
6%
de la Bath Celle
6%
de la Bath Charpon
6%
de la Bath Comme
6%
Mailleux Commolet
6%
de la Bath De
6%
de la Bath De
6%
Mailleux de la Bath
6%
Castaing de la Bath
6%
Mailleux de la Bath
6%
de la Bath Delanoix
6%
Mailleux Depuis
6%
Mailleux Dise
6%
Mailleux Dispute
6%
de la Bath Dit
6%
de la Bath Elle
6%
de la Bath En
6%
de la Bath Est
6%
de la Bath Et
6%
de la Bath Et
6%
Mailleux Faute
6%
Mailleux Foi
6%
de la Bath Granville
6%
de la Bath Hmm
6%
de la Bath Hmm
6%
Mailleux Il
6%
de la Bath Il
6%
de la Bath J'aime
6%
de la Bath Je
6%
de la Bath Jean-Pierre
6%
Mailleux J'y
6%
de la Bath La
6%
Mailleux La
6%
de la Bath Labouse
6%
de la Bath Le
6%
de la Bath Leboisset
6%
de la Bath Lefranc
6%
de la Bath Lundi
6%
Mailleux Ma
6%
de la Bath Mailleux
6%
de la Bath Mais
6%
Mailleux Mais
6%
de la Bath Mal
6%
de la Bath Méconnaissable
6%
Mailleux Mongier
6%
de la Bath Montbier
6%
Mailleux Non
6%
de la Bath Nouvelles
6%
Mailleux Parlé
6%
de la Bath Pas
6%
de la Bath Pas
6%
Mailleux Pas
6%
de la Bath Passeras
6%
de la Bath Picot
6%
de la Bath Prie
6%
Mailleux Que
6%
Mailleux Qu'est
6%
Mailleux Qu'il
6%
de la Bath Quoi
6%
Mailleux Roussel
6%
Mailleux Sans
6%
de la Bath T'en
6%
de la Bath Tiens
6%
de la Bath Toujours
6%
Mailleux Tu
6%
de la Bath Tu
6%
de la Bath Un
6%
Mailleux Vais
6%
Mailleux Veux
6%
Aucun quiz correspondant
Distribution des résultats
% des personnes avec chaque résultat
Percentile par nombre de réponses
Votre historique - résultats
Vous n’avez pas pris ce quiz depuis la dernière actualisation